North American Sports Teams Named After Mammals - Statistics

General Stats
  • This quiz has been taken 167 times
    114 since last reset
  • The average score is 12 of 19
Answer Stats
League Team % Correct
NFL Chicago Bears
87%
NFL Detroit Lions
87%
NFL Carolina Panthers
82%
NHL Florida Panthers
82%
MLB Detroit Tigers
80%
NFL Jacksonville Jaguars
77%
NFL Cincinnati Bengals
70%
NFL Miami Dolphins
70%
NFL Denver Broncos
68%
NBA Chicago Bulls
58%
NBA Memphis Grizzlies
58%
NBA Minnesota Timberwolves
55%
MLB Chicago Cubs
53%
NFL Indianapolis Colts
53%
NHL Boston Bruins
50%
NFL Los Angeles Rams
50%
NBA Milwaukee Bucks
47%
NHL Arizona Coyotes
43%
NBA Dallas Mavericks
37%
No matching quizzes found
Score Distribution
Percent of People with Each Score
Percentile by Number Answered
Your Score History
You have not taken this quiz since the last reset